000 00598nac a22001691u 4500
020 _a0074517872
082 _a621.3192
_bN152
090 _c1236
_d1236
100 _aNagrath, Inder Jit.
245 _aSystems :
_bmodelling and analysis /
_cInder Jit Nagrath.
260 _aNew Delhi :
_bTata McGraw-Hill Pub. Co.,
_c1982.
300 _a647 p. ;
_c24 cm.
500 _aIncludes index.
650 _aElectric power systems.
942 _cBB
_k621.3192N152
999 _c1236
_d1236